Automation, Production Systems and Computer-Integrated Manufacturing / (Record no. 4089)

MARC details
000 -LEADER
fixed length control field 01002nac a22002411u 4500
008 - FIXED-LENGTH DATA ELEMENTS--GENERAL INFORMATION
fixed length control field 101007t xxu||||| |||| 00| 0 eng d
010 ## - LIBRARY OF CONGRESS CONTROL NUMBER
LC control number 00029821
020 ## - INTERNATIONAL STANDARD BOOK NUMBER
International Standard Book Number 0130889784
082 00 - DEWEY DECIMAL CLASSIFICATION NUMBER
Classification number 670.427
Item number GRO
100 ## - MAIN ENTRY--PERSONAL NAME
Personal name Groover, Mikell P.,
9 (RLIN) 20124
245 10 - TITLE STATEMENT
Title Automation, Production Systems and Computer-Integrated Manufacturing /
Statement of responsibility, etc Mikell P. Groover.
250 ## - EDITION STATEMENT
Edition statement 2nd ed.
260 ## - PUBLICATION, DISTRIBUTION, ETC. (IMPRINT)
Place of publication, distribution, etc Upper Saddle River, NJ :
Name of publisher, distributor, etc Prentice Hall,
Date of publication, distribution, etc c2001.
300 ## - PHYSICAL DESCRIPTION
Extent xv, 856 p. :
Other physical details ill. ;
Dimensions 26 cm.
504 ## - BIBLIOGRAPHY, ETC. NOTE
Bibliography, etc Includes bibliographical references and index.
650 #0 - SUBJECT ADDED ENTRY--TOPICAL TERM
Topical term or geographic name as entry element Manufacturing processes
General subdivision Automation.
9 (RLIN) 20125
650 #0 - SUBJECT ADDED ENTRY--TOPICAL TERM
Topical term or geographic name as entry element Production control.
9 (RLIN) 20126
650 #0 - SUBJECT ADDED ENTRY--TOPICAL TERM
Topical term or geographic name as entry element CAD/CAM systems.
9 (RLIN) 20127
650 #0 - SUBJECT ADDED ENTRY--TOPICAL TERM
Topical term or geographic name as entry element Robots, Industrial.
9 (RLIN) 20128
650 #0 - SUBJECT ADDED ENTRY--TOPICAL TERM
Topical term or geographic name as entry element Computer integrated manufacturing systems.
9 (RLIN) 20129
942 ## - ADDED ENTRY ELEMENTS (KOHA)
Item type Book - Borrowing
Call number prefix 670.427GRO
Source of classification or shelving scheme Dewey Decimal Classification
Holdings
Withdrawn status Item status Source of classification or shelving scheme Damaged status Not for loan Vendor Home library Current library Shelving location Date acquired Source of acquisition Total Checkouts Total Renewals Full call number Barcode Date last seen Date last borrowed Koha item type
    Dewey Decimal Classification       Central Library Central Library First floor 07/10/2010   3 1 670.427 GRO 000000131 15/07/2025 01/11/2015 Book - Borrowing